|
|
|
|
| LEADER |
03174nam a22003737a 4500 |
| 001 |
39555 |
| 003 |
BD-DhAAL |
| 008 |
220905t2022 bg ||||| |||| 00| 0 ben d |
| 999 |
|
|
|c 44850
|d 44850
|
| 020 |
|
|
|a 9789848042182
|
| 040 |
|
|
|a BD-DhAAL
|c BD-DhAAL
|
| 041 |
|
|
|a ben
|
| 082 |
|
|
|a 005.1
|2 23
|
| 100 |
|
|
|a হাসান, মো: মাহবুবুল
|9 51260
|
| 245 |
|
|
|a প্রোগ্রামিং কনটেস্ট :
|b সমস্যা ও সমাধান /
|c মো: মাহবুবুল হাসান.
|
| 246 |
|
|
|a Programming contest :
|b problems and solutions
|
| 260 |
|
|
|a ঢাকা :
|b দ্বিমিক প্রকাশনী,
|c ২০২২.
|
| 300 |
|
|
|a ২৮৮ পৃষ্ঠা ;
|c ২৪ সে.মি.
|
| 526 |
|
|
|a CSE
|
| 541 |
|
|
|a Development Book Agency
|e 39555, 39556, 39557, 39558, 39559, 39560, 39561, 39562, 39563, 39564
|
| 650 |
|
|
|a Computer programming.
|9 51261
|
| 650 |
|
|
|a Computer science.
|9 51262
|
| 852 |
|
|
|a Ayesha Abed Library
|c General Stacks
|
| 942 |
|
|
|2 ddc
|c BK
|
| 952 |
|
|
|0 0
|1 0
|2 ddc
|4 0
|6 005_100000000000000_HAS
|7 0
|9 71686
|a BRACUL
|b BRACUL
|c GEN
|d 2022-08-16
|e Development Book Agency
|g 430.00
|l 9
|m 106
|o 005.1 HAS
|p 3010039557
|q 2026-06-02
|r 2026-02-01
|s 2026-02-01
|t 3
|v 430.00
|w 2022-08-16
|y BK
|
| 952 |
|
|
|0 0
|1 0
|2 ddc
|4 0
|6 005_100000000000000_HAS
|7 0
|9 71687
|a BRACUL
|b BRACUL
|c GEN
|d 2022-08-16
|e Development Book Agency
|g 430.00
|l 7
|m 51
|o 005.1 HAS
|p 3010039564
|r 2025-08-26
|s 2025-05-22
|t 10
|v 430.00
|w 2022-08-16
|y BK
|
| 952 |
|
|
|0 0
|1 0
|2 ddc
|4 0
|6 005_100000000000000_HAS
|7 0
|9 71688
|a BRACUL
|b BRACUL
|c GEN
|d 2022-08-16
|e Development Book Agency
|g 430.00
|l 6
|m 58
|o 005.1 HAS
|p 3010039555
|r 2025-10-07
|s 2025-09-22
|t 1
|v 430.00
|w 2022-08-16
|y BK
|
| 952 |
|
|
|0 0
|1 0
|2 ddc
|4 0
|6 005_100000000000000_HAS
|7 0
|9 71689
|a BRACUL
|b BRACUL
|c GEN
|d 2022-08-16
|e Development Book Agency
|g 430.00
|l 11
|m 103
|o 005.1 HAS
|p 3010039563
|r 2026-01-08
|s 2025-09-20
|t 9
|v 430.00
|w 2022-08-16
|y BK
|
| 952 |
|
|
|0 0
|1 0
|2 ddc
|4 0
|6 005_100000000000000_HAS
|7 0
|9 71690
|a BRACUL
|b BRACUL
|c GEN
|d 2022-08-16
|e Development Book Agency
|g 430.00
|l 11
|m 94
|o 005.1 HAS
|p 3010039560
|q 2026-06-02
|r 2026-01-14
|s 2026-01-14
|t 6
|v 430.00
|w 2022-08-16
|y BK
|
| 952 |
|
|
|0 0
|1 0
|2 ddc
|4 0
|6 005_100000000000000_HAS
|7 0
|9 71691
|a BRACUL
|b BRACUL
|c GEN
|d 2022-08-16
|e Development Book Agency
|g 430.00
|l 9
|m 126
|o 005.1 HAS
|p 3010039561
|r 2026-01-31
|s 2025-06-18
|t 7
|v 430.00
|w 2022-08-16
|y BK
|
| 952 |
|
|
|0 0
|1 0
|2 ddc
|4 0
|6 005_100000000000000_HAS
|7 0
|9 71692
|a BRACUL
|b BRACUL
|c GEN
|d 2022-08-16
|e Development Book Agency
|g 430.00
|l 8
|m 79
|o 005.1 HAS
|p 3010039562
|r 2026-01-31
|s 2025-07-13
|t 8
|v 430.00
|w 2022-08-16
|y BK
|
| 952 |
|
|
|0 0
|1 0
|2 ddc
|4 0
|6 005_100000000000000_HAS
|7 0
|9 71693
|a BRACUL
|b BRACUL
|c GEN
|d 2022-08-16
|e Development Book Agency
|g 430.00
|l 5
|m 127
|o 005.1 HAS
|p 3010039558
|r 2026-01-28
|s 2025-11-26
|t 4
|v 430.00
|w 2022-08-16
|y BK
|
| 952 |
|
|
|0 0
|1 0
|2 ddc
|4 0
|6 005_100000000000000_HAS
|7 0
|9 71694
|a BRACUL
|b BRACUL
|c GEN
|d 2022-08-16
|e Development Book Agency
|g 430.00
|l 9
|m 108
|o 005.1 HAS
|p 3010039556
|q 2026-03-04
|r 2025-03-09
|s 2025-03-09
|t 2
|v 430.00
|w 2022-08-16
|y BK
|
| 952 |
|
|
|0 0
|1 0
|2 ddc
|4 0
|6 005_100000000000000_HAS
|7 0
|9 71695
|a BRACUL
|b BRACUL
|c GEN
|d 2022-08-16
|e Development Book Agency
|g 430.00
|l 7
|m 93
|o 005.1 HAS
|p 3010039559
|r 2026-01-12
|s 2026-01-12
|t 5
|v 430.00
|w 2022-08-16
|y BK
|